000 01030cam a2200277 a 4500
001 ocm67771578
003 PILC
005 20150112093446.0
008 050921s2005 ne b 001 0 eng
010 _a2005282479
020 _a0750666366
040 _aDLC
_cDLC
_dBAKER
_dBTCTA
_dYDXCP
_dIG#
042 _apcc
049 _aCVUA
050 0 0 _aTX 911.3.P4
_b.B64 2005
100 1 _aBoella, Michael
245 1 0 _aHuman resources management in the hospitality industry :
_ban introductory guide /
_cMichael Boella and Steven Goss-Turner
260 _aAmsterdam ;
_aBoston :
_bElsevier/Butterworth Heinemann,
_c2005.
300 _a363 pages :
_c28 cm.
_billustration ;
500 _aNew ed. of Human resource management in the hospitality industry / Vincent H. Eade. 1993.
650 0 _aHospitality industry
_xPersonnel management.
700 1 _aEade, Vincent H.
_tHuman resource management in the hospitality industry.
942 _2lcc
_cBK
980 _a090712
_b43585
_e4308
_f954203
_g1
981 _aybp
_bGEREF
_d99948866864
999 _c14922
_d14922